000 00383nam a2200169Ia 4500
001 6578
003 IN-NITTTR
005 20251114233020.0
008 251113s9999||||xx |||||||||||||| ||eng||
040 _beng
040 _cIN-NITTTR
041 _aeng
082 _a378 J613M
100 _aJohn, V. V
245 0 _aMisadventures in higher education. /
_cJohn, V. V
942 _2ddc
_cBK
999 _c9216
_d9216